00229nam a2200097Ia 4500008004100000100001100041245003300052250001300085260002500098300000800123191201s2011 xx 000 0 und d aRAO,PN 0aComputer aided manufacturing a18th Rep c2011bTMHaNEW DELHI a417